000 00648nam a2200253Ia 4500
003 OSt
005 20221007080408.0
006 a|||||r|||| 00| 0
007 ta
008 221006b |||||||| |||| 00| 0 eng d
024 _a41,814
037 _cTextual
040 _aFLL
_cFLL
_beng
041 _2eng
_aeng
082 _aV2:2;Z, Q4.2
100 _aBansali S.R.
_9694870
245 0 _aConstitution in India
250 _a2nd
260 _aNew Delhi
_bUniversal Law Publishing Co. India
_c2014
300 _ad.p.
_ccm.
490 _vVol.-II
942 _hV2:2;Z, Q4.2
_cTEXL
_2CC
999 _c1159465
_d1159465